Význam dizajnov v hospodárskej súťaži bakalárska práca

Guardado en:
Detalles Bibliográficos
Autor principal: Špánik, Juraj
Autor Corporativo: Obchodná fakulta EU. Katedra obchodného práva
Otros Autores: Kropaj, Marián, 1983-
Formato: Libro
Lenguaje:eslovaco
Publicado: Bratislava 2013
Etiquetas: Agregar Etiqueta
Sin Etiquetas, Sea el primero en etiquetar este registro!

MARC

LEADER 00000nbm a2200000 4500
001 0171111
005 20161109112016.6
041 0 |a slo 
044 |a SK 
245 1 0 |a Význam dizajnov v hospodárskej súťaži  |b bakalárska práca  |c Juraj Špánik ; školiteľ: Marián Kropaj 
264 1 |a Bratislava  |c 2013 
300 |a 39 s. 
100 1 |a Špánik, Juraj 
700 1 |a Kropaj, Marián, 1983- 
710 2 |a Obchodná fakulta EU. Katedra obchodného práva